| 000 | 00397nam a2200169Ia 4500 | ||
|---|---|---|---|
| 008 | 230711s9999||||xx |||||||||||||| ||und|| | ||
| 020 | _a978-81-315-0986-9 | ||
| 041 | _aENG | ||
| 082 |
_a4.6 _bDA-C |
||
| 100 | _aDave, Mayank | ||
| 245 | 0 | _aComputer Networks | |
| 250 | _a5th Ed. | ||
| 260 |
_c2012 _aDelhi _bCengage Learning |
||
| 300 | _a400p. | ||
| 650 | _aComputer Engineering | ||
| 942 | _cBK | ||
| 999 |
_c6936 _d6936 |
||